Top 10 most expensive Brazilians - Statistics

General Stats
  • This quiz has been taken 55 times
    5 since last reset
  • The average score is 5 of 10
Answer Stats
Hint Answer % Correct
7 Kaka
100%
1 Neymar
100%
6 Casemiro
75%
2 Philippe Coutinho
75%
3 Antony
25%
4 Arthur Melo
25%
9 Joao Pedro
25%
5 Matheus Cunha
25%
8 Alisson
0%
10 Malcom
0%
No matching quizzes found
Score Distribution
Percent of People with Each Score
Percentile by Number Answered
Your Score History
You have not taken this quiz since the last reset